[Event "Osijek op"]
[Site "Osijek"]
[Date "2004.02.07"]
[Round "8"]
[White "Marijanovic, Ivo"]
[Black "Oreskovic, Pero"]
[Result "1-0"]
[WhiteElo "2140"]
[BlackElo "2068"]
[PlyCount "41"]
[EventDate "2004.01.??"]
[EventType "swiss"]
[EventRounds "9"]
[EventCountry "CRO"]
[SourceTitle "EXT 2005"]
[Source "ChessBase"]
[SourceDate "2004.11.15"]
[SourceVersion "1"]
[SourceVersionDate "2004.11.15"]
[SourceQuality "1"]

1. e4 d6 2. d4 Nf6 3. Nc3 g6 4. Bg5 Nbd7 5. Qd2 h6 6. Bh4 Bg7 7. f4 e5 8. dxe5 dxe5 9. 0-0-0 Nxe4 10. Qe1 g5 11. Qxe4 gxh4 12. Nf3 0-0 13. fxe5 Re8 14. Bc4 c6 15. Rhf1 Qe7 16. Bxf7+ Qxf7 17. Ng5 Nf6 18. Rxf6 hxg5 19. Rxf7 Kxf7 20. Qh7 Re7 21. Rd8 1-0